[Event "Tourn. n8375"]
[Site "www.chess-mail.com"]
[Date "2015.09.30"]
[Round "1"]
[White "Madz123456"]
[Black "Estonia"]
[WhiteElo "2220"]
[BlackElo "2089"]
[Result "1-0"]
[Round "1"]
1.e4 c5
2.Ng1f3 Nb8c6
3.d4 cxd4
4.Nf3xd4 e5
5.Nd4b5 d6
6.c4 Ng8f6
7.Nb1c3 a6
8.Nb5a3 Bf8e7
9.Na3c2 Bc8e6
10.Bf1e2 O-O
11.O-O Qd8c7
12.Nc3d5 Be6xd5
13.cxd5 Nc6a7
14.Be2d3 Ra8c8
15.Bc1e3 b5
16.a4 Nf6d7
17.Be3xa7 Qc7xa7
18.axb5 Nd7c5
19.bxa6 Nc5xd3
20.Qd1xd3 Rc8c5
21.Nc2b4 Rf8a8
22.Nb4c6 Qa7c7
23.b4 Rc5xc6
24.dxc6 Qc7b6
25.b5 g6
26.Rf1c1 Qb6c7
27.b6 Qc7xb6
28.c7 Qb6b2
29.Ra1b1 Qb2a2
30.Rb1b8 Ra8xb8
31.cxb8Q Kg7
32.a7 Be7g5
33.Qd3xd6 Bg5xc1
34.Qb8f8 { resign }
1-0

[Event "Tourn. n8390"]
[Site "www.chess-mail.com"]
[Date "2015.09.30"]
[Round "1"]
[White "Xkafi"]
[Black "Maredocla"]
[WhiteElo "2020"]
[BlackElo "2000"]
[Result "0-1"]
[Round "1"]
1.e4 c5
2.c4 Nb8c6
3.Nb1c3 g6
4.Ng1f3 Bf8g7
5.h3 Bg7xc3
6.bxc3 Ng8f6
7.d3 O-O
8.Bc1h6 Rf8e8
9.Nf3g5 d6
10.Qd1f3 e5
11.g4 Qd8e7
12.Rh1g1 Nc6d8
13.h4 Nd8e6
14.Bf1h3 Ne6f4
15.Kd2 Kh8
16.Qf3g3 Nf6g8
17.Ng5xh7 Ng8xh6
18.Nh7g5 f6
19.Ng5f3 Nh6f7
20.h5 g5
21.Rg1h1 Nf7h6
22.Ra1g1 Qe7d7
23.Rg1a1 Nf4xh3
24.Rh1xh3 Qd7xg4
25.Qg3xg4 Bc8xg4
26.Rh3g3 Kh7
27.Ra1b1 b6
28.Rb1h1 Ra8b8
29.a4 a6
30.Nf3e1 Bg4d7
31.Rg3f3 Kg7
32.Ne1c2 Bd7xa4
33.Rh1a1 Ba4xc2
34.Kxc2 a5
35.Kb3 Re8f8
36.Rf3g3 Nh6g8
37.f3 Kh6
38.Ra1h1 Rf8f7
39.Ka4 Rf7b7
40.Kb5 Ng8e7
41.Rg3g2 Ne7c8
42.Ka6 b5
43.Rg2b2 Rb7a7
{ resign }
0-1

[Event "Tourn. n8320"]
[Site "www.chess-mail.com"]
[Date "2015.09.30"]
[Round "1"]
[White "Yangqi"]
[Black "Krystek23"]
[WhiteElo "2350"]
[BlackElo "2330"]
[Result "1-0"]
[Round "1"]
1.e4 c5
2.a3 e6
3.b4 cxb4
4.axb4 a6
5.c3 h6
6.d4 d5
7.e5 Bc8d7
8.Bf1d3 Nb8c6
9.Nb1d2 Qd8c7
10.Ng1e2 Nc6a7
11.O-O Bd7b5
12.Nd2b3 Ng8e7
13.Nb3c5 Ra8c8
14.Bd3c2 Qc7c6
15.Rf1e1 Rc8a8
16.Ne2f4 g6
17.Qd1f3 Bf8g7
18.Qf3g3 O-O-O
19.Bc1d2 g5
20.Nf4h5 Bg7f8
21.Qg3f3 Qc6e8
22.Qf3f6 Rh8g8
23.Bc2h7 Na7c6
24.Qf6f3 Bf8g7
25.Nh5f6 Bg7xf6
26.exf6 Ne7g6
27.Nc5xe6 Nc6e5
28.Re1xe5 Ng6xe5
29.dxe5 Rg8f8
30.Ne6xd8 Qe8xd8
31.Qf3h3 Bb5d7
32.Qh3xh6 g4
33.Ra1a5 Bd7e6
34.Qh6f4 Rf8h8
35.Bh7d3 Qd8b6
36.Bd2e3 Qb6d8
37.Qf4d4 g3
38.fxg3 Kd7
39.c4 Ke8
40.cxd5 Be6d7
41.e6 fxe6
42.Bd3g6 Kf8
43.dxe6 { resign }
1-0

[Event "Tourn. n8368"]
[Site "www.chess-mail.com"]
[Date "2015.09.30"]
[Round "1"]
[White "Gimmyg"]
[Black "Darko10"]
[WhiteElo "2440"]
[BlackElo "2450"]
[Result "0-1"]
[Round "1"]
1.d4 Ng8f6
2.Ng1f3 g6
3.e3 Bf8g7
4.c4 O-O
5.Nb1c3 d6
6.Bf1e2 Nb8d7
7.O-O e5
8.Qd1c2 Rf8e8
9.h3 b6
10.d5 a5
11.e4 Nf6h5
12.Bc1e3 Nd7c5
13.Rf1e1 Nh5f4
14.Be2f1 Bc8d7
15.Nc3b5 Qd8c8
16.Ra1d1 h6
17.Be3xf4 exf4
18.b3 Bd7xb5
19.cxb5 Re8e7
20.Bf1d3 Qc8d7
21.Qc2c4 Bg7f6
22.Bd3c2 Re7e8
23.Rd1d2 Qd7e7
24.Rd2e2 Nc5d7
25.Nf3d4 Bf6xd4
26.Qc4xd4 Qe7g5
27.f3 Re8e5
28.Qd4c3 Ra8a7
29.Bc2b1 Qg5h4
30.Re2c2 Re5g5
31.Kh1 Nd7e5
32.Re1f1 Rg5g3
33.Qc3d2 g5
34.Kh2 h5
35.a4 Kg7
36.Qd2c1 Ra7a8
37.Rf1f2 Ne5d3
38.Qc1f1 Nd3xf2
39.Rc2xf2 Ra8h8
40.Bb1c2 Rh8h6
41.Bc2d1 Rh6f6
42.Kg1 Qh4xh3
43.Rf2c2 Qh3d7
44.Kf2 h4
45.Ke1 Rf6h6
46.Kd2 h3
47.gxh3 Qd7xh3
48.Qf1c4 Rg3g2
{ resign }
0-1

[Event "Tourn. n8378"]
[Site "www.chess-mail.com"]
[Date "2015.09.30"]
[Round "1"]
[White "Caspito"]
[Black "Flick"]
[WhiteElo "1750"]
[BlackElo "1870"]
[Result "1-0"]
[Round "1"]
1.e4 c5
2.Bf1c4 Nb8c6
3.Ng1f3 Ng8f6
4.Nb1c3 e6
5.d4 d5
6.Bc4b5 Bc8d7
7.Bb5xc6 Bd7xc6
8.e5 Nf6e4
9.Bc1e3 b6
10.O-O Ne4xc3
11.bxc3 Bf8e7
12.a4 a5
13.Qd1d2 h6
14.Qd2e2 Qd8b8
15.Qe2d2 c4
16.Rf1b1 Qb8d8
17.Ra1a2 Ra8b8
18.h3 f6
19.Be3f4 f5
20.Qd2e2 b5
21.axb5 Bc6xb5
22.Nf3h2 Bb5c6
23.Rb1xb8 Qd8xb8
24.Ra2xa5 Qb8b1
25.Nh2f1 O-O
26.Ra5a7 Be7g5
27.Bf4xg5 hxg5
28.Qe2h5 Bc6e8
29.Qh5xg5 Rf8f7
30.Ra7a8 Qb1b5
31.Nf1e3 Qb5d7
32.h4 Qd7e7
33.Qg5xe7 Rf7xe7
34.f3 Kf8
35.g4 f4
36.Ne3g2 Re7f7
37.g5 g6
38.Kh2 Rf7f5
39.Ra8a7 Rf5f7
40.Ra7xf7 Be8xf7
41.Ng2xf4 Kg7
42.Kh3 Kh7
43.Kg4 Kg7
44.h5 Kh7
45.hxg6 Bf7xg6
46.Nf4xe6 Kg8
47.f4 Bg6xc2
48.f5 Bc2a4
49.f6 Ba4d7
50.Kf5 Bd7c8
51.g6 { resign }
1-0

[Event "Tourn. n8390"]
[Site "www.chess-mail.com"]
[Date "2015.09.30"]
[Round "1"]
[White "Maredocla"]
[Black "Norlavuaram"]
[WhiteElo "2000"]
[BlackElo "2100"]
[Result "0-1"]
[Round "1"]
1.f4 Ng8f6
2.Ng1f3 g6
3.b3 Bf8g7
4.Bc1b2 O-O
5.e3 c5
6.f5 Nb8c6
7.fxg6 hxg6
8.Bf1c4 a6
9.O-O d5
10.Bc4e2 Qd8c7
11.d4 cxd4
12.Nf3xd4 e5
13.Nd4xc6 bxc6
14.Nb1d2 Nf6h7
15.Nd2f3 Bc8e6
16.Ra1b1 Ra8d8
17.a3 c5
18.a4 a5
19.Qd1e1 d4
20.e4 Nh7f6
21.Qe1h4 Nf6h7
22.Be2b5 Qc7b7
23.Bb2a3 Qb7c7
24.Qh4e1 Rd8a8
25.h4 Rf8d8
26.Kf2 c4
27.Rf1h1 cxb3
28.cxb3 d3
29.Nf3d2 Qc7b6
30.Kf1 Be6g4
31.Qe1g3 Bg4e2
32.Ke1 Be2h5
33.Bb5c4 Rd8d7
34.Qg3h3 Nh7f6
35.g3 Qb6e3
36.Kf1 Bh5e2
37.Kg2 Qe3xd2
38.Rb1b2 Qd2e3
39.Rh1e1 Qe3xe4
40.Kh2 Nf6g4
41.Kg1 Qe4e3
42.Kg2 Qe3f2
43.Kh1 Be2f3
{ resign }
0-1

[Event "Match"]
[Site "www.echecsemail.com"]
[Date "2015.09.30"]
[Round "1"]
[White "Anquiro"]
[Black "Carlosto"]
[WhiteElo "1499"]
[BlackElo "999"]
[Result "0-1"]
[Round "1"]
1.b4 e5
2.Ng1f3 Nb8c6
3.Bc1b2 d6
4.g4 Bc8xg4
5.Bf1g2 Ng8f6
6.h3 Bg4f5
7.d3 e4
8.Nf3d4 Nc6xb4
9.c3 Nb4d5
10.c4 Nd5f4
11.Nd4xf5 Nf4xg2
12.Kf1 Ng2f4
13.dxe4 Nf6xe4
14.e3 c5
15.exf4 Qd8b6
16.Qd1c1 O-O-O
17.f3 Ne4f6
18.Qc1e1 Rd8e8
19.Qe1c1 d5
20.Nb1a3 Re8e3
21.Nf5xe3 Qb6e6
22.cxd5 Nf6xd5
23.Ne3xd5 Qe6xd5
24.Qc1d1 Qd5e6
25.Na3b5 Qe6c4
26.Ke1 Qc4xb5
27.Bb2e5 f6
28.Be5c3 Bf8e7
29.Ra1b1 Qb5c6
30.Qd1d2 Rh8d8
31.Qd2e2 Qc6d6
32.Rh1g1 b5
33.Rg1xg7 Be7f8
34.Rg7xa7 Qd6xf4
35.Ra7xh7 Qf4f5
36.Rb1d1 Qf5xh7
37.Bc3a5 Qh7h4
38.Qe2f2 Qh4xf2
39.Kxf2 Rd8xd1
40.Kg3 c4
41.h4 c3
42.Ba5b4 Bf8xb4
{ resign }
0-1

[Event "Match"]
[Site "www.echecsemail.com"]
[Date "2015.09.30"]
[Round "1"]
[White "Nugun"]
[Black "Carazo"]
[WhiteElo "1680"]
[BlackElo "1860"]
[Result "0-1"]
[Round "1"]
1.c4 e5
2.Nb1c3 Ng8f6
3.g3 Bf8c5
4.Bf1g2 Nf6g4
5.e3 d6
6.d4 exd4
7.exd4 Qd8f6
8.Nc3e4 Qf6e7
9.dxc5 dxc5
10.Qd1e2 Bc8e6
11.Bc1e3 Ng4e5
12.O-O-O b6
13.Ne4g5 Be6xc4
14.Qe2d2 Nb8d7
15.Bg2xa8 O-O
16.Ba8e4 g6
17.f4 Bc4e6
18.Ng1f3 Ne5c4
19.Qd2c3 b5
20.Nf3e5 { time. }
0-1

[Event "Match"]
[Site "www.echecsemail.com"]
[Date "2015.09.30"]
[Round "1"]
[White "Wilddog"]
[Black "Carlosto"]
[WhiteElo "1499"]
[BlackElo "999"]
[Result "0-1"]
[Round "1"]
1.d4 Nb8c6
2.e3 e5
3.Ng1f3 d6
4.Nb1c3 Bc8f5
5.e4 Qd8f6
6.Nc3d5 Qf6d8
7.exf5 Ng8f6
8.Bf1c4 a6
9.Nd5c3 d5
10.Bc4b3 Bf8b4
11.dxe5 Nf6e4
12.Qd1xd5 Qd8xd5
13.Bb3xd5 Ne4xc3
14.bxc3 Bb4xc3
15.Bc1d2 Bc3xa1
16.Bd2c1 O-O
17.e6 Ra8d8
18.c4 Nc6b4
19.exf7 Kh8
20.Bd5xb7 Nb4d3
21.Kd1 Nd3xf2
22.Kc2 Nf2xh1
23.Bc1a3 Rf8xf7
24.Bb7xa6 Rf7d7
25.Ba3b2 Ba1xb2
26.Kxb2 Nh1f2
27.h4 Nf2d3
28.Ka3 Rd7e7
29.Nf3g5 Rd8a8
30.f6 Ra8xa6
31.Kb3 Ra6xf6
32.Kc3 Nd3e1
33.Ng5f3 Ne1xg2
{ resign }
0-1

[Event "Match"]
[Site "www.echecsemail.com"]
[Date "2015.09.30"]
[Round "1"]
[White "Daviko"]
[Black "Carlosto"]
[WhiteElo "1499"]
[BlackElo "999"]
[Result "0-1"]
[Round "1"]
1.e4 e6
2.d3 Ng8f6
3.f3 d5
4.c3 Bf8c5
5.d4 Bc5d6
6.g4 Nb8c6
7.b4 dxe4
8.g5 Nf6d5
9.fxe4 Nd5f4
10.e5 Bd6xe5
11.b5 Nc6xd4
12.cxd4 Be5xd4
13.Bc1xf4 Bd4xa1
14.Ng1f3 O-O
15.Bf4e5 Qd8xd1
16.Kxd1 Ba1xe5
17.Nf3xe5 Rf8d8
18.Nb1d2 Rd8d5
19.Ne5f3 c6
20.Bf1c4 Rd5d6
21.Nf3e5 cxb5
22.Bc4xb5 Rd6d5
23.Bb5e8 Rd5xe5
24.Rh1f1 Re5xg5
25.Be8xf7 Kf8
26.Bf7g6 Ke7
27.Rf1f7 Kd8
28.Rf7f8 Kc7
29.Bg6e8 Bc8d7
30.h4 Rg5g1
31.Ke2 Bd7xe8
32.Kf2 Rg1a1
33.Nd2e4 Ra1xa2
34.Ke3 Ra8d8
35.Ne4c5 b6
36.Nc5xe6 Kd7
37.Ne6xg7 Ra2a4
38.h5 Rd8c8
39.Kd3 b5
40.Rf8h8 Be8xh5
41.Rh8xh7 Bh5g6
{ resign }
0-1

[Event "Match"]
[Site "www.echecsemail.com"]
[Date "2015.09.30"]
[Round "1"]
[White "Carlosto"]
[Black "Wilddog"]
[WhiteElo "1339"]
[BlackElo "1499"]
[Result "0-1"]
[Round "1"]
1.e3 e6
2.d4 Ng8h6
3.Ng1f3 a5
4.Nb1c3 f5
5.Bf1c4 Nh6g4
6.h3 Ng4h6
7.O-O c6
8.e4 b5
9.Bc4d3 g5
10.exf5 Qd8f6
11.fxe6 dxe6
12.Rf1e1 g4
13.Bc1g5 Qf6g7
14.hxg4 Nh6xg4
15.Nf3e5 Qg7xg5
16.Ne5xg4 Nb8d7
17.Ng4e5 Rh8g8
18.Bd3xh7 Qg5xg2
{ resign }
0-1

[Event "Match"]
[Site "www.echecsemail.com"]
[Date "2015.09.30"]
[Round "1"]
[White "Fkarpov"]
[Black "Lorenatache"]
[WhiteElo "2100"]
[BlackElo "1809"]
[Result "1-0"]
[Round "1"]
1.e4 e5
2.Ng1f3 Ng8f6
3.Bf1c4 Nb8c6
4.Nf3g5 d5
5.exd5 Nc6a5
6.Bc4b5 Bc8d7
7.Qd1e2 Bf8d6
8.Nb1c3 Nf6xd5
9.Bb5xd7 { resign }
1-0

[Event "Match"]
[Site "www.echecsemail.com"]
[Date "2015.09.30"]
[Round "1"]
[White "Menace"]
[Black "Markos123"]
[WhiteElo "2240"]
[BlackElo "1860"]
[Result "1-0"]
[Round "1"]
1.e4 e5
2.f4 d6
3.Ng1f3 Ng8f6
4.Bf1c4 Bc8e6
5.Bc4xe6 fxe6
6.O-O Nf6xe4
7.fxe5 Nb8c6
8.d3 Ne4c5
9.exd6 Bf8xd6
10.Nf3g5 Qd8e7
11.Nb1c3 Rh8f8
12.d4 Rf8xf1
13.Qd1xf1 O-O-O
14.Ng5xh7 Nc5d7
15.Bc1g5 Nd7f6
16.Nh7xf6 Rd8h8
17.h3 Rh8f8
18.Nc3e4 Nc6xd4
19.Qf1c4 Bd6e5
20.Nf6h7 Qe7f7
21.Nh7xf8 a6
22.Ra1f1 Nd4f5
23.Rf1xf5 Qf7e7
24.Bg5xe7  { time }
1-0

[Event "Match"]
[Site "www.echecsemail.com"]
[Date "2015.09.30"]
[Round "1"]
[White "Silent1"]
[Black "Pinehill"]
[WhiteElo "1860"]
[BlackElo "1920"]
[Result "0-1"]
[Round "1"]
1.d4 Ng8f6
2.c4 e6
3.Nb1c3 Bf8b4
4.Bc1d2 O-O
5.e3 d5
6.cxd5 exd5
7.Ng1f3 Bc8g4
8.Bf1d3 c6
9.O-O Nb8d7
10.Bd3e2 Bb4xc3
11.Bd2xc3 Nf6e4
12.h3 Bg4xf3
13.Be2xf3 f5
14.Ra1c1 Nd7f6
15.Bf3xe4 Nf6xe4
16.Bc3b4 Rf8e8
17.Qd1h5 Qd8f6
18.Bb4c3 Ne4xc3
19.Rc1xc3 g6
20.Qh5f3 Re8e4
21.Qf3d1 Ra8e8
22.Qd1f3 g5
23.g4 f4
24.exf4 Re4xf4
25.Qf3g3 Qf6xd4
26.Qg3d3 Qd4f6
27.Qd3d2 h6
28.f3 d4
29.Rc3d3 Qf6e5
30.Kg2 c5
31.Qd2d1 Qe5e2
32.Qd1xe2 Re8xe2
33.Rf1f2 Re2xf2
34.Kxf2 Rf4f7
35.b3 Rf7e7
36.Rd3d2 b5
37.Rd2d3 Kf7
38.Kf1 Kf6
39.Kf2 Ke5
40.Kg3 c4
41.bxc4 bxc4
42.Rd3d1 d3
43.Rd1e1 Kd4
44.Re1xe7 d2
45.Re7d7 Kc3
46.Kf2 Kc2
47.Ke2 c3
48.a3 Kb2
49.Rd7xd2 cxd2
50.Kxd2 a5
51.a4 Kb3
52.Kc1 Kxa4
53.Kb2 Kb4
54.Kc2 Kc4
{ resign }
0-1

[Event "Match"]
[Site "www.echecsemail.com"]
[Date "2015.09.30"]
[Round "1"]
[White "Chapi"]
[Black "Ericleo1980"]
[WhiteElo "2080"]
[BlackElo "2290"]
[Result "1/2-1/2"]
[Round "1"]
1.d4 d5
2.c4 c6
3.cxd5 cxd5
4.Ng1f3 Nb8c6
5.Nb1c3 Ng8f6
6.Bc1f4 Bc8f5
7.e3 e6
8.Bf1e2 Bf8d6
9.Bf4xd6 Qd8xd6
10.O-O a6
11.Ra1c1 b5
12.Nc3xb5 Qd6d7
13.Qd1a4 O-O
14.Nb5a3 Nc6e5
15.Qa4xd7 Ne5xf3
16.Be2xf3 Nf6xd7
17.Rc1c7 Nd7f6
18.Rf1c1 Rf8b8
19.b3 a5
20.h3 a4
21.Na3b5 axb3
22.axb3 h6
23.Nb5d6 Bf5g6
24.Bf3d1 Nf6e4
25.Nd6xe4 Bg6xe4
{ draw }
1/2-1/2

[Event "Match"]
[Site "www.echecsemail.com"]
[Date "2015.09.30"]
[Round "1"]
[White "Pablincho"]
[Black "Nugun"]
[WhiteElo "1720"]
[BlackElo "1680"]
[Result "1-0"]
[Round "1"]
1.e4 c6
2.Bf1c4 Ng8f6
3.Nb1c3 d5
4.e5 dxc4
5.exf6 exf6
6.Qd1e2 Bc8e6
7.Ng1f3 Bf8d6
8.O-O O-O
9.Rf1e1 Nb8d7
10.d4 b6
11.Bc1e3 b5
12.Ra1d1 Qd8c7
13.g3 Ra8e8
14.Nc3e4 Be6f5
15.Ne4xd6 Qc7xd6
16.Nf3h4 Qd6d5
17.Nh4xf5 Qd5xf5
18.f4 Qf5d5
19.Qe2g2 Qd5h5
20.Rd1c1 c5
21.c3 cxd4
22.Be3xd4 a5
23.Qg2c6 Qh5f5
{ time. }
1-0

[Event "Match"]
[Site "www.echecsemail.com"]
[Date "2015.09.30"]
[Round "1"]
[White "Ostapbender"]
[Black "Jacks"]
[WhiteElo "2770"]
[BlackElo "2820"]
[Result "1/2-1/2"]
[Round "1"]
1.d4 d5
2.c4 c6
3.Ng1f3 Ng8f6
4.Nb1c3 e6
5.g3 dxc4
6.Bf1g2 b5
7.Nf3e5 Qd8b6
8.O-O Bc8b7
9.b3 cxb3
10.axb3 Bf8e7
11.Bc1g5 a5
12.e3 h6
13.Bg5xf6 gxf6
14.Ne5d3 Nb8d7
15.Qd1f3 f5
16.Rf1c1 Ra8b8
17.Qf3e2 O-O
18.g4 c5
19.dxc5 Nd7xc5
20.Nd3xc5 Be7xc5
{ draw }
1/2-1/2

[Event "1/128 Finale"]
[Site "www.chess-mail.com"]
[Date "2015.09.30"]
[Round "1"]
[White "Gatrooper"]
[Black "Attatroll"]
[WhiteElo "1460"]
[BlackElo "1900"]
[Result "0-1"]
[Round "1"]
1.e4 d5
2.e5 c5
3.d3 Nb8c6
4.Ng1f3 Bc8g4
5.Nb1c3 Nc6xe5
6.Bf1e2 Ne5xf3
7.Be2xf3 Bg4xf3
8.Qd1xf3 Ng8f6
9.Bc1g5 e6
10.Bg5xf6 Qd8xf6
11.Qf3xf6 gxf6
12.Nc3b5 Kd7
13.O-O Bf8g7
14.a4 a6
15.Nb5c3 f5
16.f4 Rh8g8
17.Nc3e2 Ra8b8
18.c3 Bg7f6
19.g3 h5
20.h4 Bf6xh4
21.Kf2 Bh4f6
22.Ke1 h4
23.gxh4 Bf6xh4
24.Kd1 Rg8g2
25.Kd2 Rb8g8
26.Ra1d1 Rg2h2
27.Rf1h1 Rg8g2
28.Rh1xh2 Rg2xh2
29.b3 Bh4g3
30.Ke3 Bg3f2
31.Kd2 Kd6
32.Kc1 Bf2e3
33.Kb1 Rh2xe2
34.Rd1f1 Re2f2
35.Rf1xf2 Be3xf2
36.Kc2 Bf2e3
37.c4 dxc4
38.dxc4 Be3xf4
39.Kd3 e5
40.Ke2 Bf4c1
41.Kd1 Bc1a3
42.Ke2 e4
43.Ke3 Ba3c1
44.Ke2 f4
45.a5 Ke5
46.Kd1 f3
47.Ke1 e3
48.b4 cxb4
49.c5 f2
50.Ke2 f5
51.c6 bxc6
52.Kf1 f4
53.Ke2 f3
54.Kf1 e2
55.Kxf2 Bc1e3
56.Kxe3 e1Q
57.Kxf3 Qe1e4
58.Kf2 Kf4
59.Kf1 Qe4c2
60.Ke1 Kf3
61.Kf1 Qc2f2
{ resign }
0-1

[Event "Fast Game"]
[Site "www.echecsemail.com"]
[Date "2015.09.30"]
[Round "1"]
[White "Pellix84"]
[Black "Mitja"]
[WhiteElo "1650"]
[BlackElo "1730"]
[Result "0-1"]
[Round "1"]
1.d4 d5
2.Ng1f3 e6
3.Bc1f4 c6
4.e3 h6
5.Bf1d3 Ng8f6
6.Nb1d2 Bf8d6
7.O-O Bd6xf4
8.exf4 Nf6h5
9.f5 Nh5f6
10.Rf1e1 O-O
11.fxe6 Bc8xe6
12.Nf3e5 Rf8e8
13.h3 Nb8d7
14.f4 Nd7xe5
15.fxe5 Nf6h7
16.Nd2f3 Nh7g5
17.c3 Ng5xf3
18.Qd1xf3 Qd8g5
19.Re1e3 Re8f8
20.b4 b5
21.a4 a6
22.Qf3f2 Qg5e7
23.Qf2d2 f5
24.a5 Qe7g5
25.Ra1f1 Rf8f7
26.Rf1f3 Ra8f8
27.Bd3c2 Qg5e7
28.Qd2d3 g5
29.Re3e1 Kh8
30.Re1f1 Qe7d7
31.g4 fxg4
32.Rf3xf7 Rf8xf7
33.Qd3g6 Rf7xf1
34.Kxf1 Qd7f7
35.Kg1 Qf7xg6
36.Bc2xg6 gxh3
37.Kh2 Be6d7
38.Bg6h5 Kg7
{ resign }
0-1

[Event "Tourn. n8395"]
[Site "www.chess-mail.com"]
[Date "2015.10.01"]
[Round "1"]
[White "Xkafi"]
[Black "Fangshuo"]
[WhiteElo "2050"]
[BlackElo "2140"]
[Result "0-1"]
[Round "1"]
1.e4 e6
2.d4 d5
3.e5 c5
4.c3 Qd8b6
5.Bc1e3 Qb6xb2
6.Nb1d2 Qb2xc3
7.Ng1f3 Nb8c6
8.Bf1b5 Bc8d7
9.O-O Ng8e7
10.Nd2b3 Ne7f5
11.Qd1e2 Nf5xe3
12.fxe3 c4
13.Nb3c5 Bf8xc5
14.dxc5 Nc6xe5
15.Nf3d4 Qc3b4
16.Rf1b1 Qb4xc5
17.Qe2h5 Qc5d6
18.Bb5xd7 Ne5xd7
19.Rb1xb7 O-O
20.Nd4f3 Nd7f6
21.Qh5h4 Ra8b8
22.Rb7xa7 Qd6c5
23.Qh4d4 Qc5xd4
24.Nf3xd4 Nf6e4
25.Kf1 Rf8c8
26.Ke2 Rb8b2
27.Kf3 Rb2f2
28.Kg4 Rf2xg2
29.Kh3 Rg2f2
30.Nd4c6 Kf8
31.Nc6e5 g5
32.a4 Kg7
33.Ra1b1 h5
34.Rb1h1 c3
35.Rh1c1 g4
{ resign }
0-1

[Event "Tourn. n8375"]
[Site "www.chess-mail.com"]
[Date "2015.10.01"]
[Round "1"]
[White "Sontuozio"]
[Black "Estonia"]
[WhiteElo "2050"]
[BlackElo "2089"]
[Result "1/2-1/2"]
[Round "1"]
1.d4 d5
2.Ng1f3 c5
3.e3 e6
4.Bf1d3 Nb8c6
5.c3 Ng8f6
6.Nb1d2 cxd4
7.exd4 Bf8e7
8.O-O O-O
9.Rf1e1 Nf6d7
10.Nf3e5 Nd7xe5
11.dxe5 Qd8b6
12.Qd1h5 g6
13.Qh5h6 Rf8d8
14.Nd2f3 Be7f8
15.Qh6h4 Bc8d7
16.Bc1g5 Rd8e8
17.Ra1b1 Bf8g7
18.Bg5f6 Nc6a5
19.Nf3g5 h6
20.Bf6xg7 Kxg7
21.Ng5f3 Qb6d8
22.Qh4g3 Na5c4
23.h4 h5
24.Qg3f4 b5
25.Nf3h2 f6
26.exf6 Qd8xf6
27.Qf4c7 Re8e7
28.Bd3xc4 bxc4
29.Qc7e5 Qf6xe5
30.Re1xe5 a5
31.Rb1e1 Kf6
32.Nh2f3 a4
33.a3 Ra8b8
34.Re1e2 Rb8e8
35.Nf3g5 Bd7c8
36.Kf1 { draw }
1/2-1/2

[Event "Tourn. n8399"]
[Site "www.chess-mail.com"]
[Date "2015.10.01"]
[Round "1"]
[White "Culiflori"]
[Black "Pariolinius"]
[WhiteElo "2050"]
[BlackElo "1940"]
[Result "1-0"]
[Round "1"]
1.e4 d6
2.d4 Ng8f6
3.Nb1c3 e6
4.Ng1f3 Bf8e7
5.Bf1e2 O-O
6.O-O Nb8d7
7.Bc1e3 c5
8.Be2b5 a6
9.Bb5xd7 Bc8xd7
10.h3 Qd8b6
11.Ra1b1 Ra8c8
12.dxc5 dxc5
13.e5 Nf6d5
14.Nc3xd5 Qb6d8
15.Nd5xe7 Qd8xe7
16.Qd1e2 Bd7b5
17.c4 Bb5d7
18.Rb1d1 Bd7c6
19.Rd1d6 { resign }
1-0

[Event "Tourn. n8341"]
[Site "www.chess-mail.com"]
[Date "2015.10.01"]
[Round "1"]
[White "Gatrooper"]
[Black "Cheminet"]
[WhiteElo "1460"]
[BlackElo "1520"]
[Result "0-1"]
[Round "1"]
1.e4 c5
2.c4 Nb8c6
3.Ng1f3 d6
4.Nb1c3 g6
5.h3 Bf8g7
6.Nc3d5 e6
7.Nd5f4 Ng8f6
8.a3 O-O
9.d3 Nf6d7
10.g3 Nd7e5
11.Nf3g5 h6
12.Ng5f3 Ne5xf3
13.Qd1xf3 Nc6d4
14.Qf3d1 Qd8b6
15.b4 Nd4f3
16.Qd1xf3 Bg7xa1
17.Bf1e2 Ba1c3
18.Bc1d2 cxb4
19.Bd2xc3 bxc3
20.Be2d1 Qb6b1
21.O-O c2
22.Bd1xc2 Qb1xc2
23.Nf4e2 e5
24.Rf1c1 Qc2b2
25.Qf3e3 Bc8xh3
26.Rc1e1 Kg7
27.Kh2 Bh3g4
28.f3 Bg4d7
29.Kg2 f5
30.Re1h1 h5
31.g4 f4
32.Qe3f2 Rf8h8
33.gxh5 Rh8xh5
34.Rh1xh5 gxh5
35.Kh2 h4
36.Qf2g2 Kf7
37.Qg2f1 Ra8g8
38.a4 h3
39.a5 Rg8g2
40.Kh1 Qb2xe2
41.Qf1xe2 Rg2xe2
42.a6 b5
43.cxb5 Bd7xb5
44.d4 Bb5xa6
45.d5 Ba6d3
46.Kg1 a5
47.Kf1 a4
{ resign }
0-1

[Event "Tourn. n8341"]
[Site "www.chess-mail.com"]
[Date "2015.10.01"]
[Round "1"]
[White "Iko"]
[Black "Cheminet"]
[WhiteElo "1570"]
[BlackElo "1520"]
[Result "0-1"]
[Round "1"]
1.e4 c5
2.d4 cxd4
3.Qd1xd4 Nb8c6
4.Qd4d3 d6
5.f4 g6
6.Qd3c3 Ng8f6
7.Bc1e3 Bf8g7
8.Bf1d3 O-O
9.Qc3b3 Nf6g4
10.Bd3b5 Nc6d4
11.Be3xd4 Bg7xd4
12.c3 Bd4f2
13.Kf1 Bc8e6
14.Bb5e2 Be6xb3
15.axb3 Ng4e3
16.Kxf2 Qd8b6
17.Kf3 Ne3c2
18.Ra1a4 Qb6e3
19.Kg4 f5
20.exf5 Rf8xf5
21.Be2c4 d5
22.Bc4b5 d4
23.Bb5c4 Kg7
24.Ng1f3 Qe3xf4
25.Kh3 Rf5h5
26.Nf3h4 Qf4xh4

0-1

[Event "Tourn. n8342"]
[Site "www.chess-mail.com"]
[Date "2015.10.01"]
[Round "1"]
[White "Sontuozio"]
[Black "Xkafi"]
[WhiteElo "2080"]
[BlackElo "2050"]
[Result "1/2-1/2"]
[Round "1"]
1.d4 e6
2.Ng1f3 h6
3.e4 b6
4.Bf1d3 Bc8b7
5.O-O g5
6.Rf1e1 Bf8b4
7.c3 Bb4f8
8.d5 Bf8d6
9.dxe6 dxe6
10.e5 Bd6c5
11.Nf3d4 Ng8e7
12.Bd3e4 Bb7xe4
13.Re1xe4 Qd8d5
14.Qd1e2 a6
15.b4 Bc5xd4
16.Re4xd4 Qd5c6
17.Qe2d2 Nb8d7
18.Qd2e2 Ne7d5
19.Bc1b2 Nd5f4
20.Qe2e4 Qc6xe4
21.Rd4xe4 c5
22.Nb1a3 cxb4
23.cxb4 O-O
24.Ra1d1 Rf8d8
25.Na3c4 b5
26.Nc4d6 Nd7b6
27.g3 Nf4d5
28.Rd1c1 Nb6a4
29.Bb2a1 Na4b6
30.a3 Nb6a4
31.Re4e2 Na4b6
32.Re2c2 Nb6d7
33.Nd6b7 Rd8f8
34.Ba1d4 Ra8b8
35.Nb7c5 Nd7xc5
36.Rc2xc5 Rf8d8
37.Bd4a1 Nd5e7
38.Rc5c7 Ne7g6
39.Kg2 Rd8d5
40.Rc7a7 Ng6xe5
41.Ba1xe5 Rd5xe5
42.Rc1c7 Re5f5
43.Ra7xa6 Rb8d8
44.Rc7c5 Rf5xc5
45.bxc5 Rd8c8
46.c6 Kf8
47.Kf3 f5
48.Ke3 Ke7
49.Kd4 Kd6
50.Ra6b6 Rc8xc6
51.Rb6xb5 Rc6c2
52.Ke3 Rc2c3
53.Ke2 Rc3xa3
54.Rb5b8 Ke5
55.Rb8h8 Ra3a2
56.Ke3 Ra2a3
{ draw }
1/2-1/2

[Event "Tourn. n8325"]
[Site "www.chess-mail.com"]
[Date "2015.10.01"]
[Round "1"]
[White "Rons"]
[Black "Julianlore"]
[WhiteElo "2540"]
[BlackElo "2560"]
[Result "0-1"]
[Round "1"]
1.e4 c5
2.Ng1f3 Nb8c6
3.d4 cxd4
4.Nf3xd4 e6
5.Nb1c3 a6
6.Bf1e2 Qd8c7
7.O-O Ng8f6
8.Bc1e3 Bf8b4
9.Nc3a4 Bb4e7
10.c4 Nf6xe4
11.Be2f3 Ne4g5
12.Ra1c1 O-O
13.Bf3e2 d6
14.Nd4xc6 bxc6
15.f4 Ng5e4
16.Be2f3 Ne4f6
17.Be3b6 Qc7b7
18.Qd1d2 Nf6d7
19.Bb6a5 Qb7a7
20.Qd2f2 Qa7xf2
21.Rf1xf2 Bc8b7
22.g3 Rf8c8
23.c5 d5
24.Rf2e2 Ra8b8
25.Re2d2 g5
26.Kf2 f5
27.b3 g4
28.Bf3g2 Kf7
29.Rd2e2 h5
30.Re2c2 h4
31.Na4b6 Rc8d8
32.Ke3 Nd7f6
33.gxh4 Rd8h8
34.Ba5e1 Rb8d8
35.b4 Kg6
36.h3 Kf7
37.hxg4 Nf6xg4
38.Ke2 Rd8g8
39.Rc2c3 Be7d8
40.Rc3h3 Bd8c7
41.Be1d2 a5
42.bxa5 Bb7a6
43.Kf3 e5
44.fxe5 Ng4xe5
45.Kf2 Bc7d8
46.Rc1h1 Ne5g4
47.Kg1 Bd8e7
48.Bd2b4 Be7f6
49.Bb4c3 d4
50.Bc3e1 Ng4e3
51.Rh1h2 Rg8g4
52.Rh3g3 Rg4xg3
53.Be1xg3 Rh8g8
54.Kf2 Ne3d1
55.Kf3 Rg8xg3
56.Kxg3 Bf6e5
57.Kf3 Be5xh2
{ resign }
0-1

[Event "Match"]
[Site "www.echecsemail.com"]
[Date "2015.10.01"]
[Round "1"]
[White "Jacks"]
[Black "Fanny33"]
[WhiteElo "2820"]
[BlackElo "2760"]
[Result "1/2-1/2"]
[Round "1"]
1.d4 f5
2.Bc1g5 g6
3.Nb1c3 Bf8g7
4.h4 h6
5.Bg5f4 Ng8f6
6.e3 d6
7.Qd1f3 Nb8c6
8.Qf3g3 Kf7
9.O-O-O e6
10.Qg3f3 Bc8d7
11.e4 Nf6xe4
12.Nc3xe4 fxe4
13.Qf3xe4 Qd8f6
14.Ng1f3 Qf6f5
15.Qe4e3 Nc6b4
16.Qe3d2 Bd7a4
17.Nf3e1 a5
18.Rh1h3 Nb4xa2
19.Kb1 Na2b4
20.Bf4xd6 Qf5d5
21.Rh3f3 Kg8
22.Bd6xb4 axb4
23.Qd2xb4 Ba4c6
24.Bf1c4 Qd5h5
25.Bc4xe6 Kh7
26.g4 Qh5xh4
27.Rf3f7 Ra8a4
28.Qb4e7 Qh4xe7
29.Rf7xe7 Rh8e8
30.Re7xe8 Bc6xe8
31.c3 Be8c6
32.Ne1d3 Bc6e4
33.Kc2 Ra4a6
34.d5 Bg7e5
35.f3 Be4xd3
36.Kxd3 Be5d6
37.Rd1f1 Ra6a2
38.Kc2 Ra2a4
39.Be6c8 b6
40.Bc8d7 { draw }
1/2-1/2

[Event "Match"]
[Site "www.echecsemail.com"]
[Date "2015.10.01"]
[Round "1"]
[White "Stevefillion"]
[Black "Glenno"]
[WhiteElo "2300"]
[BlackElo "2360"]
[Result "1-0"]
[Round "1"]
1.c4 e5
2.Nb1c3 Ng8f6
3.Ng1f3 Nb8c6
4.g3 d5
5.cxd5 Nf6xd5
6.Bf1g2 Nd5b6
7.O-O Bf8e7
8.Ra1b1 O-O
9.b4 a6
10.a4 Bc8f5
11.b5 axb5
12.axb5 Nc6d4
13.d3 Bf5g4
14.Bc1b2 Bg4xf3
15.exf3 Be7a3
16.Bb2a1 f6
17.f4 Qd8c8
18.fxe5 fxe5
19.Nc3e2 Rf8d8
20.Bg2e4 Ba3c5
21.Ne2xd4 Bc5xd4
22.Ba1xd4 exd4
23.Qd1b3 Kh8
24.Qb3f7 Rd8f8
25.Qf7h5 h6
26.Qh5g6 Kg8
27.Qg6h7 Kf7
28.Be4f5 Qc8d8
29.Bf5g6 Kf6
30.Bg6h5 Ke6
31.Qh7xg7 Kd6
32.Rb1c1 Ra8a4
33.Rf1e1 Nb6d7
34.Bh5f7 Rf8xf7
35.Qg7xf7 Qd8f6
36.Qf7b3 Nd7c5
37.Rc1xc5 Kxc5
38.Qb3xa4 Kb6
39.Qa4c4 Qf6g7
40.Re1e6 { resign }
1-0

[Event "Match"]
[Site "www.echecsemail.com"]
[Date "2015.10.01"]
[Round "1"]
[White "Pinehill"]
[Black "Ericleo1980"]
[WhiteElo "1820"]
[BlackElo "1809"]
[Result "0-1"]
[Round "1"]
1.e4 c5
2.Ng1f3 d6
3.Bf1b5 Bc8d7
4.Bb5xd7 Nb8xd7
5.O-O Ng8f6
6.Rf1e1 Qd8c7
7.d4 cxd4
8.Nf3xd4 a6
9.Nb1c3 e6
10.Kh1 b5
11.f4 b4
12.e5 bxc3
13.exf6 Nd7xf6
14.f5 e5
15.Qd1f3 Ra8c8
16.h3 Bf8e7
17.Nd4e2 cxb2
18.Bc1xb2 O-O
19.c3 Rc8b8
20.Ra1b1 Rf8c8
21.Ne2g3 Qc7c6
22.Qf3xc6 Rc8xc6
23.Bb2a1 Rc6b6
24.Rb1xb6 Rb8xb6
25.c4 Rb6c6
26.Re1b1 Rc6xc4
27.Kh2 g6
28.fxg6 hxg6
29.Ng3f1 Nf6d5
30.Rb1e1 f6
31.Nf1e3 Rc4e4
32.Ne3xd5 Re4xe1
33.Nd5xe7 Kf7
34.Ba1c3 Re1e3
35.Ne7d5 Re3d3
{ resign }
0-1